Statistics for Guess the Flag by mountain range

Click here to take the quiz!

General Stats

  • This quiz has been taken 24 times
  • The average score is 4 of 6

Answer Stats

QuestionAnswer% Correct
Alps
95%
Himalayas
95%
Andes
81%
Caucasus
67%
Atlas
67%
Appalachian
14%

Score Distribution

Percentile by Number Answered

Percent of People with Each Score

Your Score History

You have not taken this quiz